|
|
|
|
| LEADER |
00000cam a2200000 7i4500 |
| 001 |
0000014842 |
| 005 |
20080312.0 |
| 008 |
080306 |
| 020 |
|
|
|a 9831378423
|
| 090 |
0 |
0 |
|a SHA
|b MAL
|
| 100 |
1 |
|
|a Shahnon Ahmad,Dato'
|
| 245 |
1 |
4 |
|a Srengenge
|c Shahnon Ahmad
|
| 260 |
|
|
|a Kuala Lumpur :
|b Dewan Bahasa dan Pustaka2003
|
| 440 |
|
|
|a Siri novel Malaysia pilihan abad 20
|
| 650 |
|
0 |
|a Malay Fiction
|
| 999 |
|
|
|a 0001016189
|b Book
|c Adult Collection
|e Perbadanan Perpustakaan Awam Johor
|
| 999 |
|
|
|a 0001016190
|b Book
|c Adult Collection
|e Perbadanan Perpustakaan Awam Johor
|
| 999 |
|
|
|a 0001016191
|b Book
|c Adult Collection
|e Perbadanan Perpustakaan Awam Johor
|